000
00302nam a2200121Ia 4500
008
191201s2011 xx 000 0 und d
100
_a
PANDEY, P C
245
0
_a
Production Engineering and Science
250
_a
Rep
260
_c
2011
_b
Standard Publishere
_a
NEW DELHI
300
_a
718
942
_2
ddc
_c
BK
999
_c
8014
_d
8014